| 000 | 00896nam a22002897a 4500 | ||
|---|---|---|---|
| 003 | CHAP | ||
| 005 | 20220329134326.0 | ||
| 008 | 971013s1973 r 00010 d | ||
| 010 | _a18783 | ||
| 011 | _a19755 | ||
| 035 | _a23840 | ||
| 040 | _cCHAP | ||
| 082 |
_a581.634 _bA58 |
||
| 100 | 0 | 0 |
_aAltschul, Siri von Reis. _94714 |
| 245 | _aDrugs and foods from little-known plants notes in Harvard University Herbaria | ||
| 260 |
_aCambridge : _bHarvard University, _c1973 |
||
| 300 | _a366 p | ||
| 590 |
_aBATCH-UPD _b10 _c20130110 _lUCH01 _h1134 |
||
| 590 |
_aBATCH-UPD _b10 _c20130410 _lUCH01 _h0722 |
||
| 590 |
_aBATCH-UPD _b10 _c20130914 _lUCH01 _h0740 |
||
| 590 |
_aCONVERSION _b10 _c20130109 _lUCH01 _h1311 |
||
| 650 | 1 | 4 |
_aBotánica médica. _914680 |
| 650 | 1 | 4 |
_aDrogas. _934244 |
| 901 | _aBK | ||
| 942 | _cLIBRO | ||
| 949 |
_a581.634 A58 _bBC _cC _d33724000524716 _eC _gI.133659 _h69474 _i23840 _si |
||
| 999 |
_c18783 _d18783 |
||